000 00463nam a2200181Ia 4500
001 3262
005 20260306144908.0
008 260306t1992||||xx |||||||||||||| ||spa||
041 _aESP
082 _a262.91
_bJ81R2
100 _aJuan Pablo II, Papa
_eAUT
245 0 _aReconciliación:
_bmagisterio de Juan Pablo II para América Latina
260 _c1992
300 _a124 páginas :
_c20 cm.
650 _aGEN
654 _aCHU
942 _cLIB
_dJUS
_fJUS
_2ddc
_n
999 _c3262
_d3262